| 000 | 00986nam a2200241Ia 4500 | ||
|---|---|---|---|
| 003 | OSt | ||
| 005 | 20210716114229.0 | ||
| 008 | 210310s1983 ck gr 000 0 spa d | ||
| 040 |
_aCO-JMCR _cCO-JMCR |
||
| 041 | 0 | _aspa | |
| 082 | 0 | 4 |
_a320.9861 / _bA837c _223 |
| 111 |
_aConvención Bancaria y de Instituciones Financieras _n(21ra: _d1983: _cCartagena, Colombia) _938527 |
||
| 245 | 1 | 3 |
_aLa coyuntura del sector externo colombiano y la movilización del ahorro interno _c[Vigésima Tercera Convención Bancaria y de Instituciones Financieras] ; Asociación Bancaria de Colombia. |
| 260 |
_a[Cartagena, Colombia] : _bAsociación Bancaria de Colombia, _c1983. |
||
| 300 |
_a141 páginas ; _c23 cm. |
||
| 490 | 0 |
_aBanca ; _v83 |
|
| 501 | _aCon: notas a pie de página. | ||
| 505 | _aDiscurso. -- Conferencia. | ||
| 650 | 1 | 4 |
_aBalance de pagos _zColombia _926908 |
| 650 | 2 | 4 |
_aHistoria económica _zColombia _96882 |
| 710 | 2 |
_aAsociación Bancaria de Colombia. _98022 |
|
| 942 |
_2ddc _cBK |
||
| 999 |
_c11957 _d11957 |
||